Catálogo

Violencia política y sociedad civil en el Perú : (Registro nro. 41293)

Detalles MARC
000 -LEADER
fixed length control field 01286cam a2200349 i 4500
001 - CONTROL NUMBER
control field 41293
003 - CONTROL NUMBER IDENTIFIER
control field Mx-PuUPA
005 - DATE AND TIME OF LATEST TRANSACTION
control field 20250522163203.0
008 - FIXED-LENGTH DATA ELEMENTS--GENERAL INFORMATION
fixed length control field 140415s2003 pe gr 001 0 spa d
020 ## - INTERNATIONAL STANDARD BOOK NUMBER
International Standard Book Number 9972510824
022 ## - INTERNATIONAL STANDARD SERIAL NUMBER
International Standard Serial Number 1019-455X
040 ## - CATALOGING SOURCE
Transcribing agency Mx-PuUPA
Original cataloging agency Mx-PuUPA
Language of cataloging spa
Modifying agency Mx-PuUPA
Description conventions rda
041 0# - LANGUAGE CODE
Language code of text/sound track or separate title spa
043 ## - GEOGRAPHIC AREA CODE
Geographic area code s-pe---
100 1# - MAIN ENTRY--PERSONAL NAME
Personal name Youngers, Coletta,
9 (RLIN) 16979
Relator term autor
245 10 - TITLE STATEMENT
Title Violencia política y sociedad civil en el Perú :
Remainder of title historia de la Coordinadora Nacional de Derechos Humanos /
Statement of responsibility, etc. Coletta A. Youngers
250 ## - EDITION STATEMENT
Edition statement Primera edición /
Remainder of edition statement abril
264 #1 - PRODUCTION, PUBLICATION, DISTRIBUTION, MANUFACTURE, AND COPYRIGHT NOTICE
Place of production, publication, distribution, manufacture Lima, Perú :
Name of producer, publisher, distributor, manufacturer IEP ediciones,
Date of production, publication, distribution, manufacture, or copyright notice 2003
300 ## - PHYSICAL DESCRIPTION
Extent 519 páginas ;
Dimensions 21 cm
336 ## - CONTENT TYPE
Fuente rdacontent
Content type term texto
Content type code txt
337 ## - MEDIA TYPE
Source rdamedia
Media type term sin medio
Media type code n
338 ## - CARRIER TYPE
Source rdacarrier
Carrier type term volumen
Carrier type code nc
490 0# - SERIES STATEMENT
Series statement Ideología y Política ;
Volume/sequential designation 16
650 #7 - SUBJECT ADDED ENTRY--TOPICAL TERM
Source of heading or term armarc
Topical term or geographic name entry element Coordinadora Nacional de Derechos Humanos (Perú)
General subdivision Historia
650 #7 - SUBJECT ADDED ENTRY--TOPICAL TERM
Source of heading or term armarc
Topical term or geographic name entry element Movimientos de Derechos Humanos
Geographic subdivision Perú
General subdivision Historia
Chronological subdivision Siglo XX
650 #7 - SUBJECT ADDED ENTRY--TOPICAL TERM
Source of heading or term armarc
Topical term or geographic name entry element Violencia política
Geographic subdivision Perú
General subdivision Historia
Chronological subdivision Siglo XX
651 #4 - SUBJECT ADDED ENTRY--GEOGRAPHIC NAME
Geographic name Perú
General subdivision Política y gobierno
Chronological subdivision 1968-1980
651 #4 - SUBJECT ADDED ENTRY--GEOGRAPHIC NAME
Geographic name Perú
General subdivision Política y gobierno
Chronological subdivision 1980-
942 ## - ADDED ENTRY ELEMENTS (KOHA)
Suppress in OPAC
Source of classification or shelving scheme Dewey Decimal Classification
Koha item type Libro
Classification part 323.0985
Item part Y67
Existencias
Withdrawn status Lost status Source of classification or shelving scheme Damaged status Not for loan Collection code Home library Current library Shelving location Date acquired Source of acquisition Cost, normal purchase price Total Checkouts Full call number Barcode Date last seen Cost, replacement price Price effective from Koha item type
    Dewey Decimal Classification     General Biblioteca Karol Wojtyla Biblioteca Karol Wojtyla Sala general 01/01/2022 Donación 0.00   323.0985 Y67 2003 62289 05/01/2026 0.00 03/12/2013 Libro